[Event "SWE-chT2 1213"]
[Site "Sweden"]
[Date "2013.01.13"]
[Round "5"]
[White "Jaderberg, Bjorn"]
[Black "Nilsson, Mats"]
[Result "1/2-1/2"]
[WhiteElo "2120"]
[BlackElo "2113"]
[PlyCount "102"]
[EventDate "2012.10.20"]
[EventType "team-tourn"]
[EventRounds "9"]
[EventCountry "SWE"]
[SourceTitle "EXT 2015"]
[Source "ChessBase"]
[SourceDate "2014.11.20"]
[SourceVersion "1"]
[SourceVersionDate "2014.11.20"]
[SourceQuality "1"]
[WhiteTeam "Farsta"]
[BlackTeam "Stockholm SS"]
[WhiteTeamCountry "SWE"]
[BlackTeamCountry "SWE"]

1. d4 e6 2. Nc3 d5 3. e4 Bb4 4. exd5 exd5 5. Bd3 Nf6 6. Bg5 c6 7. Nge2 0-0 8. 0-0 Be7 9. Ng3 h6 10. Bf4 Bd6 11. Qd2 Bxf4 12. Qxf4 Be6 13. Rae1 Nbd7 14. Nce2 Re8 15. c3 Nf8 16. Qd2 Ne4 17. Qc2 Nxg3 18. Nxg3 Bg4 19. f3 Rxe1 20. Rxe1 Be6 21. f4 Qd6 22. f5 Bd7 23. Qf2 Nh7 24. Nh5 Re8 25. Rxe8+ Bxe8 26. Qe2 Bd7 27. Qe5 Qxe5 28. dxe5 Be8 29. Nf4 Nf8 30. Kf2 Nd7 31. e6 fxe6 32. Nxe6 Ne5 33. Be2 Bd7 34. Ke3 Bxe6 35. fxe6 Kf8 36. Kf4 Ng6+ 37. Kf5 Nh4+ 38. Ke5 Ke7 39. c4 dxc4 40. g3 Ng6+ 41. Kf5 Nf8 42. Bxc4 b5 43. Bb3 Kd6 44. h4 a6 45. g4 Ke7 46. a3 a5 47. Ba2 Kd6 48. a4 Kc7 49. Bb3 bxa4 50. Bc4 Kd6 51. Ba2 Ke7 1/2-1/2

[Event "SWE-chT2 0809"]
[Site "Sweden"]
[Date "2009.03.13"]
[Round "7"]
[White "Ostling, Hakan"]
[Black "Nilsson, Mats"]
[Result "0-1"]
[WhiteElo "2216"]
[BlackElo "2170"]
[PlyCount "114"]
[EventDate "2008.10.25"]
[EventType "team-tourn"]
[EventRounds "9"]
[EventCountry "SWE"]
[SourceTitle "EXT 2011"]
[Source "ChessBase"]
[SourceDate "2010.11.26"]
[SourceVersion "1"]
[SourceVersionDate "2010.11.26"]
[SourceQuality "1"]

1. g3 d5 2. f4 g6 3. Nf3 Bg7 4. Bg2 Nf6 5. 0-0 0-0 6. d3 Nc6 7. c3 Rb8 8. b4 a5 9. b5 Na7 10. a4 c6 11. Be3 b6 12. Ne5 Ng4 13. Nxg4 Bxg4 14. h3 Be6 15. bxc6 Nxc6 16. Bd2 Qd7 17. Kh2 b5 18. axb5 Rxb5 19. Na3 Rb2 20. Bc1 Rb7 21. d4 Na7 22. Qd3 Rb3 23. Bd2 Rfb8 24. Qa6 Rb2 25. Bc1 R8b6 26. Qxa5 Nc6 27. Qa8+ Rb8 28. Qa6 R8b6 29. Qd3 R2b3 30. Nc2 h5 31. Ba3 Bf5 32. Qd2 Na5 33. Ne3 R3b5 34. Bc5 Nb3 35. Qd1 Nxc5 36. dxc5 Rxc5 37. Nxf5 Qxf5 38. e4 Qf6 39. e5 Qe6 40. Qd4 Rbc6 41. Ra8+ Kh7 42. Rd8 Rxc3 43. Bxd5 Rc2+ 44. Rf2 Bxe5 45. fxe5 Qf5 46. Bxc6 Rxf2+ 47. Kg1 Rf1+ 48. Kg2 Rc1 49. Be4 Qf1+ 50. Kh2 Re1 51. Bg2 Re2 52. Qd5 h4 53. Rf8 hxg3+ 54. Kxg3 Qf2+ 55. Kg4 Qf5+ 56. Kg3 Qg5+ 57. Kh2 Qf4+ 0-1

[Event "SWE-chT2 0809"]
[Site "Sweden"]
[Date "2009.02.28"]
[Round "6"]
[White "Nilsson, Mats"]
[Black "Bryntze, Stefan"]
[Result "0-1"]
[WhiteElo "2170"]
[BlackElo "2222"]
[PlyCount "72"]
[EventDate "2008.10.25"]
[EventType "team-tourn"]
[EventRounds "9"]
[EventCountry "SWE"]
[SourceTitle "EXT 2011"]
[Source "ChessBase"]
[SourceDate "2010.11.26"]
[SourceVersion "1"]
[SourceVersionDate "2010.11.26"]
[SourceQuality "1"]

1. d4 e6 2. c4 f5 3. g3 Nf6 4. Bg2 Bb4+ 5. Bd2 Qe7 6. a3 Bxd2+ 7. Qxd2 d6 8. Nc3 c6 9. Nf3 0-0 10. 0-0 Nbd7 11. b4 e5 12. dxe5 dxe5 13. e4 f4 14. gxf4 exf4 15. Qxf4 Nd5 16. Nxd5 cxd5 17. Qg5 Qxg5 18. Nxg5 dxc4 19. f4 Nb6 20. e5 h6 21. Ne4 Nd5 22. Nd6 Nxf4 23. Nxc4 Be6 24. Nd6 a5 25. Bxb7 Rab8 26. Rxf4 Rxf4 27. bxa5 Ra4 28. a6 Ra5 29. a4 Bd5 30. Re1 Kf8 31. e6 Ke7 32. Nf5+ Kf6 33. Bxd5 Rxd5 34. a7 Re8 35. e7 Ra5 36. Nxg7 Kxg7 0-1

[Event "SWE-chT2 0809"]
[Site "Sweden"]
[Date "2008.10.25"]
[Round "1"]
[White "Nilsson, Mats"]
[Black "Thornert, Hakan"]
[Result "0-1"]
[WhiteElo "2170"]
[BlackElo "2206"]
[PlyCount "56"]
[EventDate "2008.10.25"]
[EventType "team-tourn"]
[EventRounds "9"]
[EventCountry "SWE"]
[SourceTitle "EXT 2011"]
[Source "ChessBase"]
[SourceDate "2010.11.26"]
[SourceVersion "1"]
[SourceVersionDate "2010.11.26"]
[SourceQuality "1"]

1. d4 d5 2. c4 e5 3. dxe5 d4 4. Nf3 Nc6 5. g3 Nge7 6. Bg2 Ng6 7. Qb3 Bb4+ 8. Bd2 a5 9. a3 a4 10. Qc2 Be7 11. b4 axb3 12. Qxb3 0-0 13. 0-0 Ngxe5 14. Nxe5 Nxe5 15. Bf4 Ng6 16. Bc1 Bf6 17. Ra2 Re8 18. Rd2 Qe7 19. Bb2 c5 20. Bd5 Bh3 21. Re1 Ne5 22. e3 Rad8 23. Bg2 Qe6 24. Qxb7 Nxc4 25. Rc2 Rb8 26. Bxh3 Qxh3 27. Qc6 Rec8 28. Qxc8+ Qxc8 0-1

[Event "Rilton Cup 28th"]
[Site "Stockholm"]
[Date "1998.12.30"]
[Round "3"]
[White "Nilsson, Mats"]
[Black "Wedberg, Tom"]
[Result "1/2-1/2"]
[WhiteElo "2135"]
[BlackElo "2475"]
[PlyCount "64"]
[EventDate "1998.12.28"]
[EventType "swiss"]
[EventRounds "9"]
[EventCountry "SWE"]
[SourceTitle "CBM 068 Extra"]
[Source "ChessBase"]
[SourceDate "1999.03.01"]
[SourceVersion "1"]
[SourceVersionDate "1999.03.01"]
[SourceQuality "1"]

1. d4 Nf6 2. c4 e6 3. Nc3 Bb4 4. Qc2 0-0 5. a3 Bxc3+ 6. Qxc3 b6 7. Bg5 Bb7 8. Nf3 d6 9. Nd2 c5 10. dxc5 bxc5 11. e3 Nbd7 12. f3 Qb6 13. Be2 d5 14. 0-0 d4 15. exd4 cxd4 16. Qb3 Qa5 17. Qb5 Qc7 18. Bxf6 Nxf6 19. Bd3 Nd7 20. Qa4 e5 21. Qc2 g6 22. b4 f5 23. Rfe1 Nf6 24. c5 Rae8 25. b5 e4 26. fxe4 fxe4 27. Nxe4 Nxe4 28. Bxe4 Bxe4 29. Rxe4 Rxe4 30. Qxe4 Qxc5 31. Qd3 Re8 32. Rd1 Re3 1/2-1/2